| 000 -LEADER |
| fixed length control field |
00829nam a2200217 a 4500 |
| 003 - CONTROL NUMBER IDENTIFIER |
| control field |
OSt |
| 005 - DATE AND TIME OF LATEST TRANSACTION |
| control field |
20230217132414.0 |
| 008 - FIXED-LENGTH DATA ELEMENTS--GENERAL INFORMATION |
| fixed length control field |
110303t20102009enka j 001 1 eng d |
| 020 ## - INTERNATIONAL STANDARD BOOK NUMBER |
| International Standard Book Number |
9780340989630 |
| 040 ## - CATALOGING SOURCE |
| Modifying agency |
CaOL |
| -- |
KH8 |
| Language of cataloging |
eng |
| Transcribing agency |
SDL |
| 082 ## - DEWEY DECIMAL CLASSIFICATION NUMBER |
| Classification number |
823.914 INK |
| 100 1# - MAIN ENTRY--PERSONAL NAME |
| Personal name |
Inkpen, Mick. |
| Relator term |
author |
| 245 10 - TITLE STATEMENT |
| Title |
This is my book! / |
| Statement of responsibility, etc. |
Mick Inkpen. |
| 260 ## - PUBLICATION, DISTRIBUTION, ETC. |
| Place of publication, distribution, etc. |
London : |
| Name of publisher, distributor, etc. |
Hodder Children's books, |
| Date of publication, distribution, etc. |
2010, c2009. |
| 300 ## - PHYSICAL DESCRIPTION |
| Extent |
[32] p. : |
| Other physical details |
col. ill. |
| Dimensions |
27cm |
| 520 ## - SUMMARY, ETC. |
| Summary, etc. |
The Snapdragon is up to his tricks again - eating the letters from the words in the book. It really is very naughty. How will Bookmouse stop Snapdragon? And is there anything the Woollywolves can do to help? |
| 650 #0 - SUBJECT ADDED ENTRY--TOPICAL TERM |
| Topical term or geographic name entry element |
Mice |
| Form subdivision |
Juvenile fiction. |
| 650 #0 - SUBJECT ADDED ENTRY--TOPICAL TERM |
| Topical term or geographic name entry element |
Dragons |
| Form subdivision |
Juvenile fiction. |
| 650 #0 - SUBJECT ADDED ENTRY--TOPICAL TERM |
| Topical term or geographic name entry element |
Books and reading |
| Form subdivision |
Juvenile fiction. |
| 942 ## - ADDED ENTRY ELEMENTS (KOHA) |
| Source of classification or shelving scheme |
|
| Koha item type |
Books - Non Ficton |